000 00554nam a22002177a 4500
003 UA-OsUOA
001 34720
007 ta
008 20051019b un ||||| |||| 00| 0 ukr d
090 _a94(477)
_bК16
942 _cBK
040 _aUA-OsUOA
_brus
_cUA-OsUOA
_dUA-OsUOA
245 _aКак была крещена Русь
300 _a320 с.
955 _a4
041 _arus
080 _a94(477)
260 _aМ.
_bПолитиздат
_c1990
650 7 _a9 Географія. Біографії. Історія
_2UDC
999 _c321148
_d321148